| 000 | 00911nam a2200229Ia 4500 | ||
|---|---|---|---|
| 008 | 191130s1992##################000#0#eng## | ||
| 020 | _a9780262581417 | ||
| 022 | _a92001165 | ||
| 040 |
_aACL _cACL |
||
| 082 | _a720.92 HAY | ||
| 100 | _aHays, K. Michael | ||
| 245 |
_aModernism and the posthumanist subject : the architecture of Hannes Meyer and Ludwig Hilberseimer _cK. Michael Hays |
||
| 260 |
_aCambridge, MA _bMIT Press _cc1992 |
||
| 300 | _a336 p. : ill. ; 24 cm | ||
| 500 | _aBased on the author's thesis (doctoral--Massachusetts Institute of Technology) Includes bibliographical references (p. [290]-329) and index | ||
| 650 | _aFunctionalism (Architecture) - Germany | ||
| 650 | _aHilberseimer, Ludwig - Criticism and interpretation | ||
| 650 | _aMeyer, Hannes, 1889-1954 - Criticism and interpretation | ||
| 990 | _a5edce58eac10000c5f998b9652fa5ab7 | ||
| 991 | _a304794 | ||
| 999 |
_c13263 _d13263 |
||